[Event "Kazakhstan Cup Open 2020"]
[Site "Almaty"]
[Date "2020.12.12"]
[Round "2.3"]
[White "Zhalmakhanov, Ramazan"]
[Black "Agmanov, Zhandos"]
[Result "1-0"]
[WhiteElo "2393"]
[BlackElo "2407"]
[Annotator "RC"]
[PlyCount "141"]
[EventDate "2020.12.01"]
[EventType "tourn"]
[EventCountry "KAZ"]
[SourceTitle "playchess.com"]
[Source "ChessBase"]
[SourceQuality "1"]
[TimeControl "40/5400+30:1800+30"]

1. e4 {[%emt 0:00:00]} c6 {[%emt 0:00:32]} 2. d4 {[%emt 0:00:00]} d5 {[%emt 0:00:42]} 3. exd5 {[%emt 0:00:00]} cxd5 {[%emt 0:00:10]} 4. Bd3 {[%emt 0:00:04]} Nf6 {[%emt 0:00:45]} 5. c3 {[%emt 0:00:54]} Bg4 {[%emt 0:00:27]} 6. Qb3 {[%emt 0:01:21]} Qc7 {[%emt 0:01:23]} 7. h3 {[%emt 0:06:42]} Bd7 {[%emt 0:08:25]} 8. Ne2 {[%emt 0:02:38]} Nc6 {[%emt 0:02:33]} 9. Bf4 {[%emt 0:08:00]} e5 {[%emt 0:04:14]} 10. dxe5 {[%emt 0:03:22]} Nxe5 {[%emt 0:00:38]} 11. Bb5 {[%emt 0:06:55]} Bd6 {[%emt 0:10:04]} 12. Bxd7+ {[%emt 0:03:36]} Qxd7 {[%emt 0:07:55]} 13. O-O {[%emt 0:08:08]} O-O {[%emt 0:01:28]} 14. Bxe5 {[%emt 0:07:17]} Bxe5 {[%emt 0:00:13]} 15. Nd2 {[%emt 0:00:04]} Rfe8 {[%emt 0:08:11]} 16. Nf3 {[%emt 0:00:26]} Bc7 {[%emt 0:14:41]} 17. Ned4 {[%emt 0:05:25]} Nh5 {[%emt 0:01:44]} 18. Qb5 {[%emt 0:11:20]} Qxb5 {[%emt 0:02:29]} 19. Nxb5 {[%emt 0:00:06]} Bb6 {[%emt 0:00:08]} 20. Nbd4 {[%emt 0:00:30]} Nf4 {[%emt 0:00:58]} 21. Rfd1 {[%emt 0:00:06]} Re4 {[%emt 0:04:42]} 22. Rd2 {[%emt 0:02:50]} Rae8 {[%emt 0:03:33]} 23. Kf1 {[%emt 0:01:21]} g6 {[%emt 0:03:35]} 24. Rad1 {[%emt 0:00:23]} h6 {[%emt 0:02:55]} 25. h4 {[%emt 0:01:22]} Bxd4 {[%emt 0:07:03]} 26. Nxd4 {[%emt 0:14:26]} Ne6 {[%emt 0:04:35]} 27. g3 {[%emt 0:04:20]} Nc7 {[%emt 0:00:27]} 28. Nc2 {[%emt 0:00:13]} Ra4 {[%emt 0:02:34]} 29. a3 {[%emt 0:01:11]} Ra6 {[%emt 0:00:07]} 30. Rd4 {[%emt 0:05:11]} Rb6 {[%emt 0:00:46]} 31. Rb4 {[%emt 0:00:44]} Rxb4 {[%emt 0:01:03]} 32. axb4 {[%emt 0:01:05]} Kf8 {[%emt 0:02:13]} 33. Ne3 {[%emt 0:00:24]} Rd8 {[%emt 0:00:29]} 34. Ke2 {[%emt 0:00:17]} Ke7 {[%emt 0:00:17]} 35. h5 {[%emt 0:00:35]} gxh5 {[%emt 0:02:10]} 36. Rh1 {[%emt 0:01:03]} Kf6 {[%emt 0:00:49]} 37. Rxh5 {[%emt 0:00:28]} Kg6 {[%emt 0:00:11]} 38. Rh4 {[%emt 0:01:11]} Ne6 {[%emt 0:01:02]} 39. Kd3 {[%emt 0:01:20]} f5 {[%emt 0:01:36]} 40. Ng2 {[%emt 0:01:43]} Kg5 {[%emt 0:01:19]} 41. Ne1 {[%emt 0:32:40]} h5 {[%emt 0:07:49]} 42. Nf3+ {[%emt 0:00:00]} Kg6 {[%emt 0:00:17]} 43. Nd4 {[%emt 0:00:00]} Re8 {[%emt 0:07:11]} 44. Ne2 {[%emt 0:00:00]} Kg5 {[%emt 0:01:22]} 45. Rh1 {[%emt 0:00:00]} a6 {[%emt 0:05:32]} 46. Rh4 {[%emt 0:00:00]} Re7 {[%emt 0:02:03]} 47. Ng1 {[%emt 0:00:00]} Kg6 {[%emt 0:00:39]} 48. Nf3 {[%emt 0:00:00]} Ng5 {[%emt 0:02:24]} 49. Nd4 {[%emt 0:00:32]} Re1 {[%emt 0:02:00]} 50. f3 {[%emt 0:02:09]} Rb1 {[%emt 0:03:16]} 51. b3 {[%emt 0:01:06]} Re1 {[%emt 0:00:37]} 52. Rf4 {[%emt 0:01:21]} Re5 {[%emt 0:01:27]} 53. Kd2 {[%emt 0:00:39]} Nh3 {[%emt 0:01:42]} 54. Rh4 {[%emt 0:00:06]} Ng5 {[%emt 0:00:06]} 55. Rh1 {[%emt 0:00:35]} Re7 {[%emt 0:01:14]} 56. Rh2 {[%emt 0:00:53]} Rh7 {[%emt 0:00:32]} 57. Ke3 {[%emt 0:00:44]} Re7+ {[%emt 0:00:36]} 58. Kd2 {[%emt 0:00:41]} Rh7 {[%emt 0:00:08]} 59. Ke3 {[%emt 0:00:16]} Re7+ {[%emt 0:00:04]} 60. Kf4 {[%emt 0:00:21]} Re1 {[%emt 0:00:16]} 61. Re2 {[%emt 0:00:15]} Nh3+ {[%emt 0:00:44]} 62. Ke5 {[%emt 0:00:28]} Rb1 {[%emt 0:01:24]} 63. Nxf5 {[%emt 0:01:04]} Rxb3 {[%emt 0:00:17]} 64. Ne7+ {[%emt 0:00:09]} Kg5 {[%emt 0:00:31]} 65. Nxd5 {[%emt 0:00:40]} Rb1 {[%emt 0:00:10]} 66. Rh2 {[%emt 0:00:43]} Re1+ {[%emt 0:00:10]} 67. Kd6 {[%emt 0:00:19]} Ng1 {[%emt 0:00:04]} 68. f4+ {[%emt 0:00:16]} Kg6 {[%emt 0:00:05]} 69. f5+ {[%emt 0:00:38]} Kxf5 {[%emt 0:00:15]} 70. Rxh5+ {[%emt 0:00:02]} Kg6 {[%emt 0:00:08]} 71. Rh1 {[%emt 0:00:46]} 1-0

[Event "Kazakhstan Cup Open 2020"]
[Site "Almaty"]
[Date "2020.12.12"]
[Round "2.4"]
[White "Aitbayev, Aslan"]
[Black "Ismagambetov, Anuar"]
[Result "1-0"]
[WhiteElo "2457"]
[BlackElo "2528"]
[Annotator "TA"]
[PlyCount "151"]
[EventDate "2020.12.01"]
[EventType "tourn"]
[EventCountry "KAZ"]
[SourceTitle "playchess.com"]
[Source "ChessBase"]
[SourceQuality "1"]

{[%evp 24,151,16,13,10,16,29,0,0,2,18,4,79,0,35,0,0,0,0,0,0,0,0,0,0,0,0,0,47,18,45,45,54,55,52,64,48,53,37,56,42,52,135,148,150,141,156,139,191,187,188,183,181,148,162,146,146,128,230,224,296,284,248,243,320,320,298,291,307,308,303,303,300,299,285,245,284,277,271,224,226,196,189,181,181,181,181,181,181,181,181,181,181,181,4949,2475,1397,2538,5093,3132,29948,10344,29959,29947,29970,29971,29973,29974,29974,29975,29975,29976,29976,29974,29975,29976,29976,29977,29977,29978,29978,29979,29979,29980,29980,29981,29980,29981,29981,29982]} 1. e4 c5 2. Nf3 d6 3. d4 cxd4 4. Nxd4 Nf6 5. Nc3 a6 6. Be3 e5 7. Nb3 Be6 8. f3 Be7 9. Qd2 Nbd7 10. O-O-O O-O 11. g4 b5 12. g5 Nh5 13. Nd5 Bxd5 {B90: Sicilian Najdorf: Unusual White 6th moves, 6 Be3 Ng4 and 6 Be3 e5.} 14. exd5 f5 15. Rg1 (15. gxf6 $5 Rxf6 16. Na5 $11) 15... f4 {The position is equal.} 16. Bf2 Bxg5 17. Bh3 {aiming for Bxd7.} Bh6 (17... Be7 $11) 18. Na5 (18. Qb4 $16) 18... Kh8 {[#]} 19. Kb1 $146 {[%mdl 1024] White has compensation.} (19. Qc3 $5 {[%cal Ra5b7]}) ({Predecessor:} 19. Nc6 Qc7 20. Qb4 Ng3 21. Kb1 Nf5 22. Bxf5 Rxf5 23. c4 bxc4 24. Qxc4 Qb7 25. Rd3 {½-½ (68) Inarkiev,E (2690)-Sarana,A (2613) Satka 2018}) 19... Nhf6 20. Nc6 Qc7 21. Qb4 Rae8 22. Rge1 Nb8 $1 23. Na5 Nbd7 $1 24. Nc6 Nb8 $1 25. Na5 Bg5 26. a4 (26. Be6 {is interesting.} Nfd7 27. a4 Bd8 28. Nb3 bxa4 29. Qxa4 Nb6 30. Qa5) 26... e4 27. fxe4 Nxe4 28. Rxe4 Rxe4 29. Qxe4 {Strongly threatening Nc6.} Qxa5 30. Bd4 {Black must now prevent Bf1.} Qd8 $1 31. axb5 axb5 32. Bf1 $1 {[%cal Rf1d3]} Bf6 {Black is now going downhill.} (32... Re8 $14 33. Qf3 Nd7) 33. Bd3 $40 {[%csl Gd3][%cal Re4h7][%mdl 128] White goes for the king.} ({Worse is} 33. Bxb5 Bxd4 34. Rxd4 Nd7 $17) 33... g6 34. Qxf4 Nd7 35. Bxg6 $1 Ne5 (35... Be5 $16 {might work better.} 36. Qh6 Qe7) 36. Bf5 Bg7 37. Rg1 Qd7 38. Rf1 ({Much less strong is} 38. Bxd7 $6 Rxf4 39. Bxe5 Bxe5 $16) 38... Qf7 39. Qh4 {[%csl Gf5][%cal Rh4h7]} Ng6 40. Bxg7+ Kxg7 (40... Qxg7 $16 {keeps fighting.} 41. Qg3 Qd4) 41. Qd4+ $1 $18 Qf6 42. Qxf6+ $1 Rxf6 {[#]} 43. Bd3 $1 Rxf1+ 44. Bxf1 {[%mdl 4096] Endgame KB-KN} Nf4 45. Bxb5 Nxd5 46. Bc6 Ne7 47. Be4 h6 48. b4 Kf6 49. Kb2 Ke5 50. Bb7 d5 51. Kb3 Kd6 52. Kc3 Nf5 53. Bc8 Ne3 54. Kd3 Nc4 55. Kd4 Na3 56. Bf5 {Bd3 is the strong threat.} Nb5+ 57. Ke3 Ke5 58. Bd3 Nd4 $2 (58... Nc3 59. Kf3 Kf6) 59. b5 {[%cal Bb4b5,Bb5b6,Bb6b7][%mdl 32]} Ne6 60. Kf3 Nc5 61. Kg4 {Cut Off at move 61} Kf6 62. Kh5 Kg7 {[#]} 63. b6 $1 {White mates.} d4 64. Bb5 Kh7 65. Bc6 Kg7 66. b7 Na6 67. Bb5 Nb8 68. h3 Kh7 69. Kg4 Kg6 70. Kf4 Kf6 71. Ke4 Ke6 72. Kxd4 Kd6 73. h4 Kc7 74. Ke5 Kxb7 75. Kf6 Kb6 76. c4 {Weighted Error Value: White=0.06/Black=0.18} 1-0

[Event "Kazakhstan Cup Open 2020"]
[Site "Almaty"]
[Date "2020.12.12"]
[Round "2.5"]
[White "Khusnutdinov, Rustam"]
[Black "Utegaliyev, Azamat"]
[Result "1-0"]
[WhiteElo "2491"]
[BlackElo "2496"]
[Annotator "TA"]
[PlyCount "165"]
[EventDate "2020.12.01"]
[EventType "tourn"]
[EventCountry "KAZ"]
[SourceTitle "playchess.com"]
[Source "ChessBase"]
[SourceQuality "1"]

{[%evp 9,164,14,21,5,10,42,29,37,80,81,175,163,207,212,201,209,206,203,203,186,188,172,182,185,192,186,264,198,246,240,238,218,252,246,282,264,285,296,287,287,338,351,317,293,345,265,389,399,388,373,618,431,466,464,1679,377,375,382,382,382,373,370,420,294,287,289,406,298,307,278,301,292,310,0,0,0,304,290,327,318,341,328,309,334,352,365,474,466,721,704,1133,1089,1321,1324,1209,1144,658,603,3118,2967,1775,1768,1768,1768,29970,29971,12789,5393,1768,1203,1768,1761,1745,1745,1466,0,1395,1395,1233,1115,984,922,922,762,746,685,7964,12718,5924,5022,29981,29982,29987,29986,29986,29987,29989,29988,29990,29989,29991,29988,29989,29990,29990,29991,29992,29993,29995,29996,29996,29997,29997,29998,29998,29999,29999]} 1. e4 g6 2. d4 Bg7 3. Nc3 c6 4. Be3 d5 5. f3 Qb6 6. a3 {B15: Caro-Kann: 3 Nc3: 3...g6 and 3...dxe4 4 Nxe4 Nf6 5 Nxf6+ exf6.} dxe4 7. fxe4 Nf6 8. Nf3 {[#] White has an edge.} Bg4 $146 ({Predecessor:} 8... O-O 9. Bc4 Bg4 10. O-O Nbd7 11. e5 Nxe5 12. Na4 Nxf3+ 13. gxf3 Qa5 14. fxg4 Qxa4 15. b4 {1-0 (30) Smith,B (2423)-Shaposhnikov,E (2557) chess.com INT 2017}) 9. Bc4 Bxf3 (9... Nbd7 $16 {keeps fighting.}) 10. Qxf3 $18 {[#] Strongly threatening e5.} ({Resist} 10. gxf3 $6 Nbd7 $16) 10... Qxb2 11. Kd2 Qb6 12. e5 Nbd7 13. Rab1 Qc7 14. exf6 Nxf6 15. Ke2 O-O 16. Bf4 Qc8 17. Rhd1 e6 (17... b5 $142) 18. Be5 Nd7 19. Bxg7 Kxg7 20. Kf1 Qc7 21. Kg1 b5 22. Bb3 Nf6 23. Rf1 Qd8 24. Qf4 {Qe5 is the strong threat.} (24. Qxc6 Rc8 $17) 24... Nd7 25. a4 a6 26. Qd6 Rc8 27. axb5 axb5 (27... cxb5 $142 28. Ne4 (28. Qxa6 Nb8 $11) 28... Nb8 29. Qxd8 Rfxd8) 28. Ra1 Qc7 29. Ne4 c5 $2 (29... Qxd6 30. Nxd6 Rcd8) 30. dxc5 Nxc5 31. Qd4+ Kh6 {[#]} (31... e5 $142 32. Qxc5 Qxc5+ 33. Nxc5 Rxc5) 32. Rae1 $2 (32. Ng5 $1 {[%mdl 512] Intending Qh4+ and mate.} Ne4 (32... Kxg5 33. Qf6+) 33. Nxe4) 32... Nxb3 33. cxb3 {Hoping for Nf6.} e5 34. Qe3+ Kg7 35. Nf6 {[%cal Be4f6,Bf6g4,Bg4e5][%mdl 32]} Rfd8 36. Ng4 Qc5 37. Nxe5 Re8 (37... f5 $142 38. Nf3 Kf6 39. Qxc5 Rxc5) 38. Qxc5 Rxc5 39. Nd3 ({Not} 39. Rxf7+ Kg8 $14) 39... Rxe1 40. Nxc5 {[%mdl 4096] Endgame KRN-KR} Re2 41. Rf2 Re1+ $1 42. Rf1 Re2 $1 {White leaves nothing to chance now.} 43. Rf3 f5 44. Kf1 Rc2 45. Ne6+ Kf6 46. Nd4 Rc5 47. Ke2 g5 48. b4 Rc4 (48... Rd5 $142 49. Kd3 Kg6) 49. Rxf5+ Kg6 50. Kd3 Rxb4 51. Rxb5 Ra4 52. g4 Ra6 53. Nf3 h6 54. Ne5+ Kg7 55. Rb7+ Kg8 56. Ke4 Rf6 57. h3 Rf1 58. Rb3 Kg7 59. Nf3 Kg6 60. Nd4 Re1+ 61. Kd5 {Cut Off at move 61} Rd1 62. Ke4 Re1+ 63. Kf3 Rf1+ 64. Kg2 Rf6 65. Rc3 Rf4 66. Rc6+ Kf7 67. Nf5 h5 68. Nh6+ Kf8 69. gxh5 g4 70. hxg4 {White mates.} Kg7 71. Kg3 Ra4 72. Nf5+ Kh7 73. Rc7+ Kh8 74. Kh4 Ra8 75. Rc4 Rf8 76. Rf4 Re8 77. g5 Re1 78. g6 Rg1 79. Rd4 {[%cal Rd4d8]} Rh1+ 80. Kg5 {[%cal Rd4d8]} Rg1+ 81. Kh6 {[%cal Rd4d8]} Rd1 82. Rxd1 {[%cal Rd1d8]} Kg8 83. Rd8# {Weighted Error Value: White=0.46/Black=0.36} 1-0

[Event "Kazakhstan Cup Open 2020"]
[Site "Almaty"]
[Date "2020.12.12"]
[Round "2.6"]
[White "Kostenko, Petr"]
[Black "Jumabayev, Rinat"]
[Result "1-0"]
[WhiteElo "2429"]
[BlackElo "2654"]
[Annotator "TA"]
[PlyCount "54"]
[EventDate "2020.12.01"]
[EventType "tourn"]
[EventCountry "KAZ"]
[SourceTitle "playchess.com"]
[Source "ChessBase"]
[SourceQuality "1"]

{[%evp 11,54,32,47,32,22,18,22,51,57,27,97,100,86,85,79,78,67,91,67,87,73,75,80,69,110,94,180,187,367,360,344,285,434,372,384,386,373,398,395,402,378,387,29977,29977,29977]} 1. e4 c5 2. Nf3 e6 3. d4 cxd4 4. Nxd4 Nc6 5. Nc3 Qc7 6. Be3 a6 7. Qf3 {B48: Sicilian: Taimanov: 5 Nc3 Qc7 6 Be3 a6 without Be2.} Nf6 8. O-O-O Ne5 9. Qg3 {The position is equal.} b5 {Threatening ...b4.} 10. a3 (10. f4 $5 {[%cal Rf4e5]} Neg4 11. Bg1 $11) 10... h5 {[#]} (10... Bb7 $11 {remains equal.}) 11. Bf4 $146 {[%cal Rf4e5]} ({Predecessor:} 11. f4 Nc4 12. Bxc4 Qxc4 13. e5 Ng4 14. Nb3 Bb7 15. Na5 Qc7 16. Nxb7 Qxb7 17. Rd3 {½-½ (28) Borisek,J (2561)-Ribli,Z (2555) Slovenia 2016}) 11... d6 {[#]} 12. Bxb5+ $1 {[%mdl 512]} axb5 13. Ndxb5 Qb8 {[#]} 14. Nxd6+ $1 {[%mdl 576] Remove Defender} Bxd6 {[#]} 15. Rxd6 $1 {[%mdl 576] Remove Defender} Qxd6 16. Bxe5 Qc5 {Strongly threatening ...Ng4.} 17. Bd6 {[%mdl 1024] White has strong compensation.} Qb6 {Threatens to win with ...Bb7.} 18. Rd1 Rg8 {[#]} (18... Rh7 $16) 19. e5 $1 $18 {[%cal Re5f6]} Nd7 $2 {[#]} (19... Nd5 {is a better defense.}) 20. Qg5 $1 {[%csl Gd6][%cal Rg5e7][%mdl 512]} Qd8 21. Qxh5 {aiming for Nb5.} Ba6 {[#]} (21... Ra5 {might work better.} 22. Rd2 Nf6) 22. Nd5 $1 {[%mdl 512]} exd5 {[#]} 23. e6 $1 {[%csl Gh5][%cal Re6f7][%mdl 512]} Ne5 (23... Qf6 24. exf7+ Qxf7 25. Re1+ Kd8 26. Qxf7 Rh8 27. Qxg7 Kc8 28. Qxh8+ Kb7 29. Qc3) 24. Qxe5 Bb7 {...Qf6 is the strong threat.} 25. Rd3 {And now exf7+ would win.} ({Stronger than} 25. exf7+ Kxf7 26. Qf5+ Qf6 $11) 25... f5 26. Rg3 ({Don't play} 26. Qxf5 Qf6 $18) 26... Qa5 $2 (26... Rc8 $18 27. Kb1 d4) 27. Bb4 Qb5 {White took control after the opening.  Weighted Error Value: White=0.04/Black=0.53} 1-0

[Event "Kazakhstan Cup Open 2020"]
[Site "Almaty"]
[Date "2020.12.13"]
[Round "3.1"]
[White "Jumabayev, Rinat"]
[Black "Ibrayev, Nurlan"]
[Result "1/2-1/2"]
[WhiteElo "2654"]
[BlackElo "2395"]
[Annotator "TA"]
[PlyCount "120"]
[EventDate "2020.12.01"]
[EventType "tourn"]
[EventCountry "KAZ"]
[SourceTitle "playchess.com"]
[Source "ChessBase"]
[SourceQuality "1"]

{[%evp 13,120,14,9,0,11,0,6,18,45,36,35,44,48,33,33,29,32,22,26,31,38,26,58,44,61,45,78,65,72,65,77,64,60,62,79,79,74,82,70,78,125,112,114,124,111,24,24,24,30,24,21,8,21,0,17,18,14,0,5,2,18,17,61,61,61,45,48,43,52,54,91,88,91,90,102,91,95,77,75,43,52,37,51,19,66,74,114,8,8,8,172,0,0,0,8,8,8,8,8,-708,-708,-699,-684,-651,0,0,0,-622,0]} 1. Nf3 d5 2. g3 c6 3. Bg2 Bf5 4. c4 e6 5. cxd5 exd5 6. O-O Nf6 7. d3 Be7 8. Qb3 {A11: English Opening: 1...c6.} Qb6 9. Qc2 O-O 10. Nc3 {The position is equal.} h6 11. e4 dxe4 12. dxe4 Bh7 13. Be3 Qa6 14. Rfd1 Nbd7 15. Qb3 {aiming for e5.} Nc5 16. Qb4 {[#]} Qb6 $146 ({Predecessor:} 16... b6 17. e5 Ne8 18. Nd4 Rc8 19. Nxc6 Qb7 20. Nd5 {1-0 (20) Demuth,A (2538)-Smith,R (2201) Palmerston North 2018}) 17. Qc4 {Strongly threatening e5.} Qa6 18. Qxa6 Nxa6 19. Ne5 Rfd8 20. f3 Bc5 21. Bf2 $36 {[%mdl 2048] White has the initiative.} Kf8 22. Bf1 Bxf2+ 23. Kxf2 Nc5 24. b4 Ne6 25. b5 cxb5 26. Nxb5 Ke7 27. Rxd8 Nxd8 28. Rc1 Ne8 29. Rd1 (29. Ke3 $16) 29... f6 $11 30. Nd3 Bg8 31. Rd2 Nc6 32. Nf4 Ne5 33. h4 g5 34. Ng2 Rd8 35. Rc2 a6 36. Nc3 Nd6 37. Ne3 Rc8 38. Ncd5+ Bxd5 39. Nxd5+ Kf7 40. Rxc8 Nxc8 $14 {[%mdl 4096] Endgame KBN-KNN} 41. f4 Ng4+ 42. Ke2 gxh4 43. gxh4 Nd6 44. Bh3 h5 45. Bg2 b5 46. Ne3 b4 47. Bf3 a5 48. Kd3 Nf2+ 49. Kd4 Kg6 50. Kd5 ({White should play} 50. f5+ $1 $16 Kg7 51. e5 (51. Bxh5 Ndxe4 52. Nc4 Ng3 $11) 51... fxe5+ 52. Kxe5 Nf7+ 53. Ke6) 50... Nb5 $1 $11 51. e5 Nc3+ $2 {[#]} (51... fxe5 $11 {and Black is okay.} 52. fxe5 (52. Kxe5 Nd3+ 53. Kd5 Nxf4+ 54. Kc4 Nc7 $11) 52... Nc3+ 53. Kd4 Nxa2) 52. Kd6 $2 (52. Ke6 $1 $18 Nfe4 53. f5+ Kg7 54. Nd5 (54. Bxh5 Nxa2 55. Bf3 Nac3 $11) 54... Nxd5 55. Bxe4 (55. Kxd5 Ng3 $11)) 52... fxe5 53. fxe5 a4 {[%cal Ba5a4,Ba4b3][%mdl 32]} 54. e6 Nfe4+ 55. Ke5 Nf6 $1 56. Nf5 $2 {[%mdl 8192] [#]} (56. Bc6 $11) 56... b3 $1 $19 {[%cal Rb3a2]} ({Not} 56... Nxa2 57. Ne7+ Kg7 58. Nf5+ Kg6 59. Ne7+ Kg7 60. Nf5+ Kg6 $11) 57. axb3 axb3 58. Ne7+ Kg7 59. Nf5+ Kg6 60. Ne7+ Kg7 $2 {Weighted Error Value: White=0.30/Black=0.22} (60... Kh7 $19 61. Kxf6 b2) 1/2-1/2

[Event "Kazakhstan Cup Open 2020"]
[Site "Almaty"]
[Date "2020.12.13"]
[Round "3.2"]
[White "Utegaliyev, Azamat"]
[Black "Kostenko, Petr"]
[Result "1/2-1/2"]
[WhiteElo "2496"]
[BlackElo "2429"]
[Annotator "ChessBase"]
[PlyCount "156"]
[EventDate "2020.12.01"]
[EventType "tourn"]
[EventCountry "KAZ"]
[SourceTitle "playchess.com"]
[Source "ChessBase"]
[SourceQuality "1"]
[TimeControl "40/5400+30:1800+30"]

1. Nf3 {[%emt 0:02:43]} d5 {[%emt 0:00:00]} 2. d4 {[%emt 0:00:29]} Nf6 {[%emt 0:00:09]} 3. Bf4 {[%emt 0:00:13]} c5 {[%emt 0:00:44]} 4. e3 {[%emt 0:00:08]} Nc6 {[%emt 0:00:11]} 5. Nbd2 {[%emt 0:00:44]} Nh5 {[%emt 0:00:26]} 6. Be5 {[%emt 0:06:30]} f6 {[%emt 0:00:08]} 7. Bg3 {[%emt 0:00:27]} cxd4 {[%emt 0:01:05]} 8. Nxd4 {[%emt 0:02:54]} g6 {[%emt 0:16:54]} 9. c4 {[%emt 0:06:11]} Nxd4 {[%emt 0:08:10]} 10. exd4 {[%emt 0:00:09]} Be6 {[%emt 0:17:16]} 11. Be2 {[%emt 0:44:32]} dxc4 {[%emt 0:13:42]} 12. Bxc4 {[%emt 0:08:54]} Bxc4 {[%emt 0:05:27]} 13. Nxc4 {[%emt 0:00:12]} Rc8 {[%emt 0:01:33]} 14. Qe2 {[%emt 0:04:32]} Kf7 {[%emt 0:08:32]} 15. O-O {[%emt 0:00:56]} Bh6 {[%emt 0:00:27]} 16. Rfe1 {[%emt 0:04:59]} Re8 {[%emt 0:02:32]} 17. b3 {[%emt 0:06:09]} Qd5 {[%emt 0:08:17]} 18. Rad1 {[%emt 0:00:05]} b5 {[%emt 0:02:20]} 19. Ne3 {[%emt 0:00:26]} Bxe3 {[%emt 0:00:09]} 20. fxe3 {[%emt 0:00:17]} Nxg3 {[%emt 0:01:53]} 21. hxg3 {[%emt 0:00:04]} Qg5 {[%emt 0:01:40]} 22. g4 {[%emt 0:00:51]} Rc3 {[%emt 0:01:09]} 23. e4 {[%emt 0:01:16]} Rg3 {[%emt 0:01:23]} 24. e5 {[%emt 0:00:27]} fxe5 {[%emt 0:03:50]} 25. Qxb5 {[%emt 0:03:29]} Rd8 {[%emt 0:00:57]} 26. Qf1+ {[%emt 0:00:55]} Kg8 {[%emt 0:01:51]} 27. Rxe5 {[%emt 0:00:19]} Qxg4 {[%emt 0:00:05]} 28. Rd2 {[%emt 0:03:33]} Rf8 {[%emt 0:01:26]} 29. Qe2 {[%emt 0:00:01]} Rf7 {[%emt 0:01:24]} 30. Qxg4 {[%emt 0:01:09]} Rxg4 {[%emt 0:00:02]} 31. Re6 {[%emt 0:00:25]} a5 {[%emt 0:01:07]} 32. Re5 {[%emt 0:00:14]} Rff4 {[%emt 0:00:18]} 33. Rxa5 {[%emt 0:00:09]} Rxd4 {[%emt 0:00:05]} 34. Rd5 {[%emt 0:01:42]} Rxd5 {[%emt 0:00:16]} 35. Rxd5 {[%emt 0:00:01]} Kf7 {[%emt 0:00:07]} 36. Kf2 {[%emt 0:00:22]} Ke6 {[%emt 0:01:33]} 37. Rd2 {[%emt 0:00:55]} h5 {[%emt 0:00:20]} 38. Kf3 {[%emt 0:01:03]} g5 {[%emt 0:00:39]} 39. Re2+ {[%emt 0:00:03]} Kf5 {[%emt 0:00:49]} 40. Rxe7 {[%emt 0:00:14]} Rd4 {[%emt 0:00:22]} 41. Re2 {[%emt 0:08:55]} h4 {[%emt 0:03:30]} 42. Ke3 {[%emt 0:00:57]} Ke5 {[%emt 0:01:05]} 43. Rc2 {[%emt 0:07:36]} Rg4 {[%emt 0:00:49]} 44. Kd3 {[%emt 0:01:01]} Kd5 {[%emt 0:00:21]} 45. Kc3 {[%emt 0:01:35]} Kc5 {[%emt 0:00:25]} 46. Kb2+ {[%emt 0:02:37]} Kb5 {[%emt 0:01:58]} 47. Re2 {[%emt 0:00:23]} Rg3 {[%emt 0:00:42]} 48. Kc2 {[%emt 0:00:05]} Kb4 {[%emt 0:00:36]} 49. Kb2 {[%emt 0:02:12]} Kb5 {[%emt 0:00:19]} 50. Rd2 {[%emt 0:02:35]} Ka5 {[%emt 0:00:35]} 51. Rd5+ {[%emt 0:00:10]} Kb6 {[%emt 0:00:03]} 52. Rd2 {[%emt 0:00:03]} Ka5 {[%emt 0:00:12]} 53. Kc2 {[%emt 0:01:47]} Kb4 {[%emt 0:00:35]} 54. Rd4+ {[%emt 0:00:04]} Kb5 {[%emt 0:00:42]} 55. Rd2 {[%emt 0:00:22]} Kb4 {[%emt 0:00:12]} 56. Re2 {[%emt 0:00:14]} Ka3 {[%emt 0:03:53]} 57. Kb1 {[%emt 0:00:06]} Kb4 {[%emt 0:00:04]} 58. Rc2 {[%emt 0:00:46]} Kb5 {[%emt 0:00:16]} 59. Kc1 {[%emt 0:00:06]} Kb4 {[%emt 0:00:28]} 60. Rc4+ {[%emt 0:00:14]} Kb5 {[%emt 0:00:19]} 61. Rc2 {[%emt 0:00:08]} Kb4 {[%emt 0:00:04]} 62. Kd1 {[%emt 0:00:06]} Ka3 {[%emt 0:02:13]} 63. Ke1 {[%emt 0:00:08]} h3 {[%emt 0:00:47]} 64. gxh3 {[%emt 0:00:11]} Rxh3 {[%emt 0:00:05]} 65. Rg2 {[%emt 0:00:15]} Rh1+ {[%emt 0:00:58]} 66. Kd2 {[%emt 0:00:04]} Kxa2 {[%emt 0:00:05]} 67. b4 {[%emt 0:00:42]} Kb3 {[%emt 0:00:21]} 68. b5 {[%emt 0:00:04]} Kc4 {[%emt 0:00:06]} 69. Rxg5 {[%emt 0:00:06]} Rb1 {[%emt 0:00:12]} 70. Rg8 {[%emt 0:00:18]} Rb2+ {[%emt 0:00:04]} 71. Kc1 {[%emt 0:00:03]} Rxb5 {[%emt 0:00:04]} 72. Rg4+ {[%emt 0:00:04]} Kc3 {[%emt 0:00:05]} 73. Rg3+ {[%emt 0:00:06]} Kb4 {[%emt 0:00:04]} 74. Kc2 {[%emt 0:00:04]} Rc5+ {[%emt 0:00:05]} 75. Kb2 {[%emt 0:00:03]} Rc4 {[%emt 0:00:04]} 76. Rb3+ {[%emt 0:00:03]} Kc5 {[%emt 0:00:06]} 77. Rc3 {[%emt 0:00:04]} Kb5 {[%emt 0:00:03]} 78. Rxc4 {[%emt 0:00:05]} Kxc4 {[%emt 0:00:02]} 1/2-1/2